| 000 | 00741nam a2200217 a 4500 | ||
|---|---|---|---|
| 999 |
_c3896 _d3896 |
||
| 001 | 3896 | ||
| 003 | BD-JhCC | ||
| 005 | 20171119182322.0 | ||
| 008 | 171119s1977 mul |||| ||a| 000 0 mul d | ||
| 035 | _a(BD-JhCC) 3896 | ||
| 040 |
_aBD-JhCC _dBD-JhCC |
||
| 041 | _amul | ||
| 082 |
_a896 _bSAN 1977 |
||
| 245 |
_aসেনেগাল : লিওপোল্ড সেঙ্ঘরের কবিতা / _cশামসুজ্জামান খান সম্পাদনা |
||
| 260 |
_aঢাকা : _bবাংলা একাডেমী, _c১৯৭৭. |
||
| 300 |
_a22 p. : _c21 cm. |
||
| 650 |
_aAnthology Of Poems _zAfrican |
||
| 700 | _aখান, শামসুজ্জামান | ||
| 942 |
_2ddc _cBK |
||